Statystyki dla Państwa należące do Unii Europejskiej

Kliknij tutaj aby rozwiązać quiz!

Ogólne statystyki

  • Ten quiz został rozwiązany 19 razy
    (14 od ostatniego zresetowania)
  • Średni wynik to 24 z 27

Statystyki odpowiedzi

Państwa europejskie% Poprawnych
Holandia
100%
Luksemburg
100%
Polska
100%
Portugalia
100%
Rumunia
100%
Austria
93%
Belgia
93%
Czechy
93%
Estonia
93%
Hiszpania
93%
Litwa
93%
Łotwa
93%
Niemcy
93%
Słowacja
93%
Słowenia
93%
Szwecja
93%
Węgry
93%
Chorwacja
86%
Dania
86%
Finlandia
86%
Irlandia
86%
Włochy
86%
Francja
79%
Grecja
79%
Malta
71%
Bułgaria
64%
Cypr
50%

Rozkład punktacji

Percentyl według liczby udzielonych odpowiedzi

Procent ludzi z każdym wynikiem

Twoja historia wyników

Nie rozwiązałeś tego quizu od ostatniego zresetowania